000 01068nam a2200313 i 4500
001 000010725
003 DO-SdBNP
005 20250804132359.0
007 ta
008 091009s1984 dr r 000 0 spa d
040 _aDO-SdBNP
_bspa
_cBNPHU
_erda
041 _aspa
082 4 _a511.322
_bL961i 1984
_222
100 1 _aLuna, Eduardo
_eautor
_4aut.
_925917
245 1 0 _aIntroducción a la teoría de los conjuntos /
_cEduardo Luna, Amarilis Sagredo.
250 _aTercera edición
264 _aSanto Domingo, República Dominicana :
_bEditora Taller,
_c1984.
300 _a83 páginas :
_bilustraciones ;
_c23 cm.
336 _atexto
_btxt
_2rdacontent
337 _asin mediación
_bn
_2rdamedia
338 _avolumen
_bnc
_2rdacarrier
490 1 _aColección Textos UCMM
590 _aInventariado, 2018/BT
650 4 _aTeoría de conjuntos
_xProblemas, ejercicios, etc.
_919474
700 1 2 _aSagredo, Amarilis
_eautor
_4aut.
_925915
830 0 _aColección Textos UCMM
_925938
910 _aValidado. Control de calidad. MMOLINA
942 _2ddc
_cLBS1
999 _c10480
_d10480